Tendence vývoje derivátů ve světě Burzovní deriváty mírně klesají a OTC deriváty silně rostou

Hlavné tendencie vývoja derivátov vo svete v r. 1996 v členení na burzové deriváty a OTC deriváty. Konkurencia a kooperácia medzi burzami. Nové burzové produkty.

Salvato in:
Dettagli Bibliografici
Autore principale: Jílek, Josef
Natura: Capitolo di libro
Lingua:ceco
Soggetti:
Tags: Aggiungi Tag
Nessun Tag, puoi essere il primo ad aggiungerne!!

MARC

LEADER 00000naa a2200000 4500
001 r025640
005 20230908090035.5
041 0 |a cze 
044 |a CZ 
245 1 0 |a Tendence vývoje derivátů ve světě  |b Burzovní deriváty mírně klesají a OTC deriváty silně rostou  |c J. Jílek 
520 |a Hlavné tendencie vývoja derivátov vo svete v r. 1996 v členení na burzové deriváty a OTC deriváty. Konkurencia a kooperácia medzi burzami. Nové burzové produkty. 
610 2 0 |a deriváty 
610 2 0 |a svet 
610 2 0 |a burzy 
610 2 0 |a obchody burzové 
610 2 0 |a konkurencia 
610 2 0 |a OTC 
610 2 0 |a 1996 
100 1 |a Jílek, Josef